| 000 | 01492nam a22004094a 4500 | ||
|---|---|---|---|
| 001 | ebr10173586 | ||
| 003 | CaPaEBR | ||
| 006 | m u | ||
| 007 | cr cn||||||||| | ||
| 008 | 051031s2006 mau sb 001 0 eng | ||
| 010 | _z 2005056158 | ||
| 015 |
_aGBA647602 _2bnb |
||
| 016 | 7 |
_z013469818 _2Uk |
|
| 016 | 7 |
_z101284026 _2DNLM |
|
| 020 | _z0262072696 (alk. paper) | ||
| 020 | _z0262572265 (pbk. : alk. paper) | ||
| 020 | _z9780262072694 | ||
| 040 |
_aCaPaEBR _cCaPaEBR |
||
| 035 | _a(OCoLC)145463991 | ||
| 050 | 1 | 4 |
_aR724 _b.G76 2006eb |
| 082 | 0 | 4 |
_a174.2 _222 |
| 100 | 1 |
_aGross, Michael L., _d1954- |
|
| 245 | 1 | 0 |
_aBioethics and armed conflict _h[electronic resource] : _bmoral dilemmas of medicine and war / _cMichael L. Gross. |
| 260 |
_aCambridge, Mass. : _bMIT Press, _cc2006. |
||
| 300 | _axv, 384 p. | ||
| 490 | 1 | _aBasic bioethics | |
| 504 | _aIncludes bibliographcial references (p. [343]-365) and index. | ||
| 533 |
_aElectronic reproduction. _bPalo Alto, Calif. : _cebrary, _d2013. _nAvailable via World Wide Web. _nAccess may be limited to ebrary affiliated libraries. |
||
| 650 | 0 | _aMedical ethics. | |
| 650 | 0 | _aMilitary ethics. | |
| 650 | 0 | _aWar. | |
| 650 | 0 |
_aMedicine, Military _xMoral and ethical aspects. |
|
| 655 | 7 |
_aElectronic books. _2local |
|
| 710 | 2 | _aebrary, Inc. | |
| 830 | 0 | _aBasic bioethics. | |
| 856 | 4 | 0 |
_uhttp://site.ebrary.com/lib/rucke/Doc?id=10173586 _zAn electronic book accessible through the World Wide Web; click to view |
| 999 |
_c247870 _d247870 |
||